🎶 Paroles "L'un pour l'autre" Maurane - Statistiques

Statistiques générales
  • Ce quiz a Ă©tĂ© pris 13 fois
  • Le rĂ©sultat moyen est 202 sur 293
Statistiques - réponses
Mots % Correct
a
100%
(Ça)
100%
c'
89%
Comme
89%
comme
89%
l'
89%
L'
89%
la
89%
La
89%
le
89%
les
89%
un
89%
Un
89%
autre
78%
autre.
78%
autre)
78%
est
78%
ne
78%
oh
78%
On
78%
(On
78%
pour
78%
de
67%
Du
67%
Ils
67%
ils
67%
(Ils
67%
non,
67%
non
67%
se
67%
sont
67%
une
67%
Dans
56%
dans
56%
faits
56%
jamais,
56%
jamais
56%
jamais)
56%
pourra
56%
qu'
56%
Séparer,
56%
séparer,
56%
séparer
56%
séparer.
56%
(Séparer,
56%
séparer.)
56%
yeux
56%
mer
44%
qui
44%
yang
44%
yin
44%
clair
33%
crève
33%
nos
33%
pluie
33%
tellement
33%
bleu
22%
bonheur
22%
goût
22%
image
22%
lancent
22%
langue
22%
lavés
22%
lumière
22%
MĂŞme
22%
monde
22%
rayon
22%
regard
22%
terre
22%
voyage
22%
avance
11%
orage
11%
perd
11%
Dieu
0%
foule
0%
nuages
0%
Passionnément
0%
Aucun quiz correspondant
Distribution des résultats
% des personnes avec chaque résultat
Percentile par nombre de réponses
Votre historique - résultats
Vous n’avez pas pris ce quiz